| 000 | 01404cam a2200217 4500 | ||
|---|---|---|---|
| 001 | ##L132482 | ||
| 008 | 060213n2006 000 0 eng u | ||
| 035 | _a(Sirsi) u132482 | ||
| 041 | 0 | _aeng | |
| 050 | 0 | 4 | _a711.1 $2 18 |
| 110 | 1 |
_aUnited Kingdom _bOffice of the Deputy Prime Minister: Gypsy and Traveller Unit _94880 |
|
| 245 | 0 | 0 |
_aGuide to effective use of enforcement powers _bpart 1 - unauthorised encampments |
| 260 |
_aLondon _bODPM _c2006 |
||
| 520 | _aPresents guidance to local authority officers and landowners on the options for dealing with incidents of unauthorised camping by gypsies and travellers. The document summarises the powers available to deal with unauthorised encampment and provides advice on choosing the most appropriate power, speeding up the process, keeping costs down, the eviction process and preventing further unauthorised camping. The guidance was produced to meet the government objective to ensure the peaceful co-existence of gypsies and travellers and the settled community. | ||
| 590 | _aIKA140206 | ||
| 650 | 2 | 4 | _aCIVIL PROCEDURE RULES PART 55 |
| 650 | 2 | 4 | _aCRIMINAL JUSTICE AND PUBLIC ORDER ACT 1994 |
| 690 | _aENVIRONMENTAL AND LAND CONSULTANCY-PLANNING AND DEVELOPMENT-DEVELOPMENT CONTROL-PLANNING ENFORCEMENT | ||
| 856 | 4 | 0 |
_uhttps://www.communities.gov.uk/index.asp?id=1163371 _zView the guidance free of charge at www.dclg.gov.uk... |
| 942 | _n0 | ||
| 999 |
_c105149 _d105149 |
||